[Event "Coupe Niveau 2"]
[Site "www.echecsemail.com"]
[Date "2026.01.16"]
[Round "1"]
[White "Patau"]
[Black "Woluwe1975"]
[WhiteElo "1710"]
[BlackElo "1630"]
[Result "1-0"]
1.e4 c5
2.Ng1f3 e6
3.d4 d5
4.exd5 exd5
5.c3 Ng8f6
6.Bf1b5 Bc8d7
7.Qd1e2 Bf8e7
8.dxc5 O-O
9.Bc1e3 Nb8c6
10.Nb1d2 Rf8e8
11.O-O Be7xc5
12.Qe2d3 Bc5b6
13.Be3g5 Bd7e6
14.Nf3d4 Bb6xd4
15.cxd4 Qd8b6
16.Bg5xf6 gxf6
17.Qd3g3 Kh8
18.Bb5xc6 Qb6xc6
19.Qg3f4 Be6d7
20.Ra1c1 Qc6b6
21.Rc1c7 Bd7e6
22.Qf4xf6 Kg8
23.Rc7c3 Ra8c8
24.Rc3g3 Kf8
25.Nd2f3 Qb6d8
26.Qf6h8 Ke7
27.Qh8xh7 a5
28.Rf1e1 Qd8b6
29.Nf3g5 Re8h8
30.Qh7xf7 Kd6
31.Re1xe6 1-0

[Event "XERTIGNY  VOSGES"]
[Site "www.echecsemail.com"]
[Date "2026.01.16"]
[Round "1"]
[White "Rachess"]
[Black "4x4"]
[WhiteElo "1560"]
[BlackElo "1460"]
[Result "0-1"]
1.e4 e5
2.Ng1f3 Ng8f6
3.Bf1c4 d6
4.d3 Nb8c6
5.Bc1d2 Bc8e6
6.Bc4b5 a6
7.Bb5a4 b5
8.Ba4b3 Be6xb3
9.axb3 Qd8d7
10.Nb1c3 b4
11.Nc3e2 a5
12.Ne2g3 Bf8e7
 { temps }0-1

[Event "Eq:La Diagonale du Fou-modesty :"]
[Site "www.echecsemail.com"]
[Date "2026.01.16"]
[Round "1"]
[White "Zax"]
[Black "Darkknight99"]
[WhiteElo "2270"]
[BlackElo "1980"]
[Result "1-0"]
1.e4 e6
2.Ng1f3 d5
3.e5 c5
4.b4 c4
5.c3 a6
6.a4 Bc8d7
7.d3 cxd3
8.Bf1xd3 Nb8c6
9.O-O Ng8e7
10.Bc1g5 h6
11.Bg5h4 Qd8c7
12.Rf1e1 Ne7f5
13.Bh4g3 Nf5xg3
14.hxg3 Bf8e7
15.Nb1d2 O-O
16.Ra1c1 Ra8c8
17.Nd2b3 Qc7b6
18.a5 Qb6a7
19.Nb3d4 Nc6xd4
20.cxd4 Be7xb4
21.Re1f1 Bb4xa5
22.Rc1b1 Bd7c6
23.Qd1b3 Ba5d8
24.Qb3b4 Rf8e8
25.Rf1c1 Bd8e7
26.Qb4d2 Rc8c7
27.g4 Qa7a8
28.g5 Qa8d8
29.gxh6 g6
30.g3 Kh7
31.Kg2 Re8g8
32.Rb1b2 Rc7c8
33.Rc1a1  { temps }1-0

[Event "Eq:les modestes-Les Rois du Succes :"]
[Site "www.echecsemail.com"]
[Date "2026.01.16"]
[Round "1"]
[White "Hogar"]
[Black "Aperturaf"]
[WhiteElo "2830"]
[BlackElo "2820"]
[Result "1-0"]
1.e4 e6
2.d4 d5
3.Nb1c3 Ng8f6
4.e5 Nf6d7
5.f4 c5
6.Ng1f3 Nb8c6
7.Bc1e3 a6
8.Nc3e2 Bf8e7
9.c3 O-O
10.dxc5 Nd7xc5
11.Ne2g3 f6
12.exf6 Rf8xf6
13.Bf1e2 Qd8c7
14.O-O b5
15.b4 Nc5a4
16.Qd1d2 Bc8d7
17.Be2d3 g6
18.Bd3c2 Na4b6
19.Bc2b3 Be7d6
20.Ng3e2 Rf6f8
21.h4 Ra8e8
22.h5 gxh5
23.Ne2g3 h4
24.Nf3xh4 Nb6c4
25.Bb3xc4 bxc4
26.Ng3h5 d4
27.Ra1d1 d3
28.Rd1e1 Bd7c8
29.g4 Qc7f7
30.Rf1f2 Kh8
31.Nh4f3 Bc8b7
32.Re1f1 h6
33.f5 Qf7g8
34.Be3xh6 Qg8xg4
35.Rf2g2 Qg4xh5
36.Bh6g7 Kh7
37.Bg7xf8 Re8xf8
38.Qd2g5 Qh5xg5
39.Nf3xg5 Kh8
40.Rf1f3 { abandon }1-0

[Event "Eq:les modestes-Mission Impossible :"]
[Site "www.echecsemail.com"]
[Date "2026.01.16"]
[Round "1"]
[White "Pipin"]
[Black "Nick"]
[WhiteElo "2570"]
[BlackElo "2870"]
[Result "1/2-1/2"]
1.e4 c5
2.Ng1f3 e6
3.d4 cxd4
4.Nf3xd4 a6
5.Bf1d3 Bf8c5
6.Nd4b3 Bc5a7
7.Qd1e2 Ng8e7
8.O-O Nb8c6
9.Bc1e3 O-O
10.Nb1d2 Nc6e5
11.Be3xa7 Ra8xa7
12.Qe2e3 b6
13.Bd3e2 Ne5c6
14.Rf1d1 d5
15.Qe3g3 Ra7d7
16.exd5 Rd7xd5
17.Nd2c4 Ne7f5
18.Qg3c3 Nc6e7
19.Nc4e3 Nf5xe3
20.Qc3xe3 Bc8b7
21.c4 Ne7f5
22.Qe3c3 Rd5xd1
23.Ra1xd1 Qd8g5
24.g3 Rf8d8
25.Rd1xd8 Qg5xd8
26.Qc3d3 Qd8c7
27.Nb3d2 h6
28.Be2f3 Bb7xf3
29.Nd2xf3 Qc7c5
30.Qd3d8 Kh7
31.Qd8d3 Kg8
32.Qd3d8 Kh7
33.Qd8d3 { nul }1/2-1/2

[Event "XERTIGNY  VOSGES"]
[Site "www.echecsemail.com"]
[Date "2026.01.16"]
[Round "1"]
[White "Rachess"]
[Black "Mindthegap"]
[WhiteElo "1560"]
[BlackElo "1500"]
[Result "0-1"]
1.e4 e5
2.Ng1f3 Ng8f6
3.Bf1c4 Nf6xe4
4.d4 d5
5.Bc4b3 exd4
6.O-O Bf8c5
7.Nf3xd4 O-O
8.Bc1e3 Bc5b6
9.Nb1d2 Ne4f6
10.c4 c5
11.Nd4b5 a6
 { temps }0-1

[Event "TRISTAN DA CUNHA"]
[Site "www.echecsemail.com"]
[Date "2026.01.16"]
[Round "1"]
[White "Rachess"]
[Black "Casisimed"]
[WhiteElo "1550"]
[BlackElo "1640"]
[Result "0-1"]
1.e4 e5
2.Ng1f3 Nb8c6
3.Nb1c3 Ng8f6
4.Bf1c4 Bf8b4
5.d3 O-O
6.Bc1g5 h6
7.Bg5h4 d6
8.O-O Bc8g4
9.Bh4xf6 gxf6
10.h3 Bg4h5
11.Nc3d5 Kh7
12.Nf3g5 fxg5
13.Qd1xh5 Nc6d4
14.c3 c6
15.Nd5e3 Qd8f6
16.cxd4 b5
17.Bc4b3 a5
18.a3 exd4
19.Ne3f5 a4
 { temps }0-1

[Event "XERTIGNY  VOSGES"]
[Site "www.echecsemail.com"]
[Date "2026.01.16"]
[Round "1"]
[White "Intrigue"]
[Black "Rachess"]
[WhiteElo "1720"]
[BlackElo "1560"]
[Result "1-0"]
1.e4 e5
2.Ng1f3 Ng8f6
3.Bf1c4 Nf6xe4
4.Nf3xe5 d5
5.Bc4b3 c5
6.d3 Ne4f6
7.c3 Bf8d6
8.Ne5f3 O-O
9.O-O Nb8c6
10.Bc1g5 Bd6e7
11.d4 c4
12.Bb3c2  { temps }1-0

[Event "XERTIGNY  VOSGES"]
[Site "www.echecsemail.com"]
[Date "2026.01.16"]
[Round "1"]
[White "Rachess"]
[Black "Intrigue"]
[WhiteElo "1560"]
[BlackElo "1720"]
[Result "0-1"]
1.e4 e5
2.Ng1f3 Ng8f6
3.Bf1c4 Nf6xe4
4.d3 Ne4f6
5.Bc1g5 Nb8c6
6.Nb1c3 Bf8e7
7.O-O O-O
8.Rf1e1 d6
9.Bg5xf6 Be7xf6
10.Nc3d5 Bc8g4
11.c3 Rf8e8
 { temps }0-1

[Event "Tournoi n27335"]
[Site "www.echecsemail.com"]
[Date "2026.01.16"]
[Round "1"]
[White "Ponaparte"]
[Black "Orosco"]
[WhiteElo "2160"]
[BlackElo "2270"]
[Result "0-1"]
1.e4 e5
2.Ng1f3 Nb8c6
3.Bf1b5 Ng8f6
4.Bb5xc6 dxc6
5.O-O Bc8g4
6.d3 Bf8d6
7.Nb1d2 Bg4e6
8.b3 Nf6d7
9.Bc1b2 O-O
10.d4 exd4
11.Bb2xd4 Be6g4
 { temps }0-1

[Event "Défi"]
[Site "www.echecsemail.com"]
[Date "2026.01.16"]
[Round "1"]
[White "Augustin"]
[Black "Voyageur"]
[WhiteElo "1490"]
[BlackElo "1620"]
[Result "0-1"]
1.e4 g6
2.Nb1c3 b6
3.Bf1c4 Bc8b7
4.Qd1g4 d6
5.Qg4f3 Ng8f6
6.Ng1e2 Bf8g7
7.d4 O-O
8.O-O Nb8d7
9.Bc4d5 c6
10.Bd5b3 c5
11.Bb3d5 Nf6xd5
12.Nc3xd5 cxd4
13.Qf3d3 Nd7c5
14.Qd3c4 Ra8c8
15.Ne2xd4 Nc5xe4
16.Qc4b3 Bg7xd4
17.Bc1e3 Bd4xe3
18.Nd5xe3 Ne4d2
19.Qb3d3 Nd2xf1
20.Ne3xf1 Qd8c7
21.c3 Qc7c6
22.Ra1c1 Qc6xg2
0-1

[Event "1001"]
[Site "www.echecsemail.com"]
[Date "2026.01.16"]
[Round "1"]
[White "Mindthegap"]
[Black "4x4"]
[WhiteElo "1430"]
[BlackElo "1490"]
[Result "1-0"]
1.Ng1f3 d5
2.d4 e6
3.Nb1c3 Nb8c6
4.Bc1f4 Bf8d6
5.Bf4xd6 cxd6
6.e3 Ng8f6
7.Bf1b5 Bc8d7
8.Bb5xc6 Bd7xc6
9.O-O Qd8d7
10.Qd1d3 O-O-O
11.a4 a6
12.b4 Nf6h5
13.b5 axb5
14.axb5 Bc6xb5
15.Ra1a8 Kc7
16.Nc3xb5 Kb6
17.Ra8xd8 Rh8xd8
18.Rf1b1 Rd8c8
19.Nb5xd6 Kc6
20.Nd6xc8 Qd7xc8
21.Nf3e5 Kd6
22.Rb1b6 Ke7
23.Qd3a3 Kf6
24.Ne5g4 Kg5
25.Ng4e5 Qc8xc2
26.f4 Nh5xf4
27.exf4 Kxf4
28.Qa3f3 Kg5
29.Qf3g4 Kh6
30.Qg4h4 1-0

[Event "Défi( 10J+24H/c 10J Max )"]
[Site "www.echecsemail.com"]
[Date "2026.01.16"]
[Round "1"]
[White "Minon"]
[Black "Poison"]
[WhiteElo "1940"]
[BlackElo "1110"]
[Result "1-0"]
1.e4 e5
2.Ng1f3 Nb8c6
3.Bf1b5 Ng8f6
4.Bb5xc6 dxc6
5.d3 Bc8g4
6.Nb1d2 Bg4xf3
7.Nd2xf3 Bf8d6
8.Bc1g5 Bd6b4
9.c3 Bb4e7
10.Nf3xe5 O-O
11.O-O Qd8d6
12.f4 Qd6c5
13.d4 Qc5c4
14.Ne5xc4 Rf8e8
15.Bg5xf6 Be7xf6
16.e5 Bf6h4
17.Qd1g4 Bh4e7
18.f5 c5
19.f6 cxd4
20.Qg4xg7 1-0

[Event "Défi"]
[Site "www.echecsemail.com"]
[Date "2026.01.16"]
[Round "1"]
[White "Dameroi"]
[Black "Asvel69"]
[WhiteElo "1820"]
[BlackElo "1750"]
[Result "1-0"]
1.e4 e5
2.Bf1c4 Ng8f6
3.d3 Bf8c5
4.Bc1e3 Bc5xe3
5.fxe3 d6
6.Ng1f3 Nf6g4
7.Qd1e2 c6
8.Nb1c3 Nb8d7
9.O-O Qd8b6
10.Nc3d1 Qb6xb2
11.Nd1f2 Ng4xf2
12.Qe2xf2 Qb2b6
13.Ra1b1 Qb6d8
14.Bc4xf7 Ke7
15.Bf7b3 Nd7f6
16.Nf3g5 Rh8f8
17.Qf2h4 Kd7
18.Ng5e6 Qd8e7
19.Ne6xf8 Qe7xf8
20.Qh4h3 Kc7
21.Bb3e6 Qf8e7
22.Be6xc8 Ra8xc8
23.Rb1b3 b6
24.a4 Rc8b8
25.c4 Qe7d7
26.Qh3xd7 Kxd7
27.h3 Ke7
28.Rf1b1 Nf6d7
29.a5 Nd7c5
30.Rb3c3 h6
31.axb6 axb6
32.Rc3a3 Kf6
33.Rb1f1 Kg6
34.Ra3a7 Rb8b7
35.Ra7xb7 Nc5xb7
36.Rf1b1 b5
37.cxb5 cxb5
38.Rb1xb5 Nb7c5
39.Rb5b6 Kh7
40.Rb6xd6 Kh8
41.Rd6d5 Nc5e6
42.Rd5xe5 Ne6g5
43.d4  { temps }1-0

[Event "Eq:les modestes-Mission Impossible :"]
[Site "www.echecsemail.com"]
[Date "2026.01.16"]
[Round "1"]
[White "Nick"]
[Black "Pipin"]
[WhiteElo "2870"]
[BlackElo "2570"]
[Result "1/2-1/2"]
1.Ng1f3 Ng8f6
2.c4 c5
3.Nb1c3 Nb8c6
4.g3 d5
5.d4 e6
6.cxd5 exd5
7.Bf1g2 Bf8e7
8.O-O O-O
9.Bc1g5 c4
10.Nf3e5 Bc8e6
11.e3 Nf6d7
12.Ne5xc6 bxc6
13.Bg5xe7 Qd8xe7
14.b3 Nd7b6
15.Rf1e1 Ra8b8
16.Nc3e2 Be6f5
17.h4 Rf8c8
18.Ne2f4 h6
19.Bg2f1 Rc8e8
20.Ra1c1 Qe7a3
21.g4 Bf5e4
22.f3 Be4h7
23.Qd1d2 cxb3
24.axb3 Qa3xb3
25.Rc1xc6 Nb6c4
26.Bf1xc4 dxc4
27.Kf2 a5
28.e4 a4
29.Qd2c1 Re8c8
30.Rc6xc8 Rb8xc8
31.Re1e3 Qb3b6
32.Nf4e2 Qb6a6
33.h5 Kh8
34.Re3c3 f6
35.d5 { nul }1/2-1/2

[Event "Défi"]
[Site "www.echecsemail.com"]
[Date "2026.01.16"]
[Round "1"]
[White "Steflam"]
[Black "Mimi66"]
[WhiteElo "1150"]
[BlackElo "1370"]
[Result "0-1"]
1.e4 e5
2.Bf1c4 Ng8f6
3.d3 a6
4.Ng1f3 d6
5.Bc1g5 h6
6.Bg5xf6 gxf6
7.Nb1d2 c5
8.Bc4d5 a5
9.O-O Bc8e6
10.Bd5xb7 Ra8a7
11.Bb7d5 Rh8g8
12.c3 f5
13.c4 fxe4
 { temps }0-1

[Event "Tournoi n27228"]
[Site "www.echecsemail.com"]
[Date "2026.01.16"]
[Round "1"]
[White "Baranowsky"]
[Black "Abelito"]
[WhiteElo "1500"]
[BlackElo "1600"]
[Result "1-0"]
1.Ng1f3 e6
2.g3 d5
3.d3 Nb8c6
4.Bf1g2 Ng8f6
5.O-O Bf8c5
6.Bc1f4 Nf6g4
7.e3 d4
8.exd4 Nc6xd4
9.c3 Nd4b5
10.Nf3e1 e5
11.Bf4d2 c6
12.Bd2c1 Bc8f5
13.h3 Ng4f6
14.Ne1f3 e4
15.dxe4 Nf6xe4
16.Nb1d2 Ne4xg3
17.Rf1e1 Bf5e6
18.Nf3g5 Qd8xg5
19.Nd2f3 Qg5f6
20.Bc1e3 Ng3e4
21.Be3xc5 Ne4xc5
22.Kh2 Qf6f4
23.Kg1 Ra8d8
24.Qd1e2 O-O
25.Qe2e3 Qf4c7
26.Qe3xc5 Rd8d5
27.Qc5e3 Qc7d7
28.Nf3h2 Rd5d6
29.Nh2f1 Be6c4
30.Nf1g3 a5
31.Ng3e4 Rd6g6
32.Ne4g3 Nb5d6
33.Ng3e4 Nd6f5
34.Qe3f3 Nf5h4
35.Qf3g3 Rg6xg3
36.Ne4xg3 Bc4d5
37.Ng3e4 b6
38.Ra1d1 Qd7e6
39.Ne4g3 Nh4f3
40.Bg2xf3 Qe6xe1
41.Rd1xe1 Bd5xf3
42.Re1e3 Bf3d5
43.a3 a4
44.Ng3e2 b5
45.Ne2d4 Rf8d8
46.Nd4e2 c5
47.Re3d3 c4
48.Rd3d1 g6
49.Ne2f4 Kg7
50.Rd1xd5 Rd8e8
51.Rd5xb5 Re8e1
52.Kh2 Re1b1
53.Nf4d3 Rb1d1
54.Nd3f4 Rd1e1
55.Rb5b4 g5
56.Nf4g2 Re1f1
57.Kg3 Rf1b1
58.Ng2e3 Kg6
59.Ne3xc4 h5
60.Nc4b6 h4
61.Kg4 Rb1g1
62.Kf3 g4
63.Rb4xg4 { abandon }1-0

[Event "Défi( 10J+24H/c 10J Max )"]
[Site "www.echecsemail.com"]
[Date "2026.01.16"]
[Round "1"]
[White "Dversix"]
[Black "Strix"]
[WhiteElo "1540"]
[BlackElo "1960"]
[Result "0-1"]
1.d4 f5
2.e3 Ng8f6
3.Bf1d3 e6
4.Ng1e2 b6
5.O-O Bc8b7
6.f3 Nb8c6
7.a4 Qd8e7
8.b3 g5
9.c4 Nc6b4
10.Bc1a3 a5
11.f4 g4
12.g3 h5
13.Nb1d2 d6
14.Ba3b2 Nb4xd3
15.Bb2c3 Nf6e4
16.Qd1c2 Nd3b4
17.Bc3xb4 axb4
18.Nd2xe4 Bb7xe4
19.Qc2d2 h4
20.Qd2xb4 hxg3
21.Ne2xg3 Qe7h7
22.Rf1f2 Bf8e7
23.Qb4b5 Kf7
24.Ng3xe4 fxe4
25.d5 Kf6
26.Qb5d7 Qh7f7
27.Qd7xc7 g3
28.Rf2g2 Rh8xh2
29.Rg2xg3 Ra8h8
30.Rg3g2 Rh2h1
31.Kf2 Rh1xa1
32.Qc7xb6 Ra1a2
33.Kg1 Ra2xg2
34.Kxg2 Qf7g6
35.Kf2 Rh8h2
36.Ke1 Qg6g1
0-1

[Event "Défi( 20J+48H/c 20J Max )"]
[Site "www.echecsemail.com"]
[Date "2026.01.16"]
[Round "1"]
[White "Berthe"]
[Black "Patau"]
[WhiteElo "1820"]
[BlackElo "1660"]
[Result "1-0"]
1.e4 e5
2.f4 exf4
3.Ng1f3 g5
4.h4 g4
5.Nf3e5 Ng8f6
6.Bf1c4 d5
7.exd5 Bf8g7
8.d4 Nf6xd5
9.Nb1c3 Nd5xc3
10.Bc4xf7 Kf8
11.bxc3 Bg7xe5
12.Bf7b3 Be5d6
13.O-O Qd8f6
14.Qd1e2 Kg7
15.g3 Bc8d7
16.Bc1xf4 Rh8e8
17.Bf4g5 Qf6xf1
18.Qe2xf1 Bd7e6
19.Qf1f6 Kg8
20.Ra1f1 Be6xb3
21.cxb3 Nb8c6
22.Qf6f7 Kh8
23.Bg5f6 1-0

[Event "Eq:Les Rois du Succes-Pirates du Mat :"]
[Site "www.echecsemail.com"]
[Date "2026.01.16"]
[Round "1"]
[White "Shoryuken59"]
[Black "Breton"]
[WhiteElo "2090"]
[BlackElo "1970"]
[Result "0-1"]
1.e4 c5
2.Ng1f3 g6
3.Nb1c3 Nb8c6
4.d4 cxd4
5.Nf3xd4 Bf8g7
6.Bc1e3 d6
7.Bf1b5 Bc8d7
8.O-O Ng8f6
9.h3 O-O
10.Qd1d2 Nc6xd4
11.Be3xd4 Bd7xb5
12.Nc3xb5 Nf6xe4
13.Qd2e3 Bg7xd4
14.Qe3xd4 f5
15.Nb5c3 Ne4xc3
16.Qd4xc3 Ra8c8
17.Qc3b3 Rf8f7
18.Qb3xb7 Rc8xc2
19.Qb7xa7 Rc2xb2
20.a4 e5
21.Qa7e3 f4
22.Qe3c3 Rb2b8
23.Rf1b1 Rb8c8
24.Qc3b3 f3
25.gxf3 Qd8g5
26.Kh2 e4
27.Rb1g1 Qg5e5
28.Rg1g3 Qe5xa1
29.Rg3xg6 hxg6
30.Qb3e6 Rc8c2
31.Qe6xg6 Qa1g7
32.Qg6xg7 Rf7xg7
{ abandon }0-1

[Event "Coupe Niveau 8"]
[Site "www.echecsemail.com"]
[Date "2026.01.16"]
[Round "1"]
[White "Fred"]
[Black "Alain64"]
[WhiteElo "2740"]
[BlackElo "2140"]
[Result "1-0"]
1.e4 e6
2.d4 d5
3.e5 c5
4.c3 Nb8c6
5.Ng1f3 Qd8b6
6.a3 c4
7.Bf1e2 Bc8d7
8.O-O Nc6a5
9.Nb1d2 Ng8e7
10.Ra1b1 Na5b3
11.Be2xc4 dxc4
12.Nd2xc4 Ne7d5
13.Nc4xb6 Nd5xb6
14.Qd1xb3 Bd7a4
15.Qb3a2 Ba4c2
16.Rb1a1 a5
17.b3 Bc2d3
18.Rf1d1 Bd3e4
19.Qa2e2 { abandon }1-0

[Event "Amical( 10J+24H/c 10J Max )"]
[Site "www.echecsemail.com"]
[Date "2026.01.16"]
[Round "1"]
[White "Woluwe1975"]
[Black "Patau"]
[WhiteElo "1650"]
[BlackElo "1710"]
[Result "0-1"]
1.e4 e5
2.Ng1f3 c6
3.Nf3xe5 Qd8e7
4.Ne5f3 Qe7xe4
5.Bf1e2 d5
6.Nb1c3 Qe4e7
7.d4 Bc8f5
8.O-O Nb8d7
9.Rf1e1 Qe7f6
10.Be2d3 Bf8e7
11.h3 O-O-O
12.Bc1e3 Be7d6
13.Be3g5 Qf6g6
14.Bd3xf5 Qg6xf5
15.Bg5xd8 Kxd8
16.a3 Ng8f6
17.Qd1d2 Bd6f4
18.Qd2d1 Rh8e8
19.Re1xe8 Kxe8
20.Qd1e2 Qf5e6
21.Qe2d3 Kf8
22.Ra1e1 Qe6d6
23.Qd3f5 g6
24.Qf5d3 b5
25.Nc3e2 Nf6e4
26.b4 f5
27.Ne2xf4 Qd6xf4
28.c3 Nd7f6
29.Qd3e3 Qf4xe3
30.Re1xe3 Nf6h5
31.Nf3e5 Nh5f4
32.Ne5xc6 g5
33.Nc6xa7 Ne4d6
34.Na7c6 Nd6c4
35.Re3e1 Nc4xa3
36.Kf1 Na3c4
37.g3 Nf4xh3
38.Nc6a7 Nc4d6
39.Na7c6 f4
40.g4 Nd6e4
41.f3 Ne4xc3
42.Nc6a7 h5
43.gxh5 g4
44.fxg4 Nc3e4
45.Na7xb5 f3
46.Nb5c7 Ne4d2
0-1

[Event "Tournoi échelle division 1"]
[Site "www.echecsemail.com"]
[Date "2026.01.16"]
[Round "1"]
[White "Filosofia"]
[Black "Domenico"]
[WhiteElo "2090"]
[BlackElo "1720"]
[Result "0-1"]
1.Ng1f3 d5
2.b3 Bc8f5
3.Bc1b2 Nb8c6
4.e3 e6
5.Bf1b5 f6
6.d4 Bf8d6
7.O-O Ng8e7
8.Nb1d2 O-O
9.Rf1e1 e5
10.e4 dxe4
11.Nd2xe4 exd4
12.Ne4xd6 Qd8xd6
13.Nf3xd4 Nc6xd4
 { temps }0-1

[Event "Tournoi échelle division 2"]
[Site "www.echecsemail.com"]
[Date "2026.01.16"]
[Round "1"]
[White "Nbelnico"]
[Black "Filosofia"]
[WhiteElo "1730"]
[BlackElo "2100"]
[Result "1-0"]
1.e4 c6
2.Ng1f3 d5
3.exd5 cxd5
4.d4 Ng8f6
5.Bf1d3 Bc8g4
6.Bd3e2 Nb8c6
7.O-O e6
8.h3 Bg4xf3
9.Be2xf3 Bf8d6
10.c3 b5
11.b4 a5
12.a3 axb4
13.Bc1b2 bxa3
14.Nb1xa3 O-O
15.Na3xb5 Bd6e7
16.Bf3e2 Ra8xa1
17.Qd1xa1 Qd8a8
18.Qa1b1 Rf8b8
19.Qb1c2 Qa8b7
20.Bb2c1 Nc6a7
21.Nb5xa7 Qb7xa7
22.Bc1e3 Qa7b7
23.Be3f4 Qb7b2
24.Qc2d3 Rb8b6
25.c4 Rb6b3
26.Qd3d1 dxc4
27.Be2xc4 Rb3c3
28.Bc4e2 Nf6d5
29.Qd1e1 Nd5xf4
30.Be2f3 Nf4xh3
31.Kh2 Nh3g5
32.Qe1e5 Ng5xf3
33.gxf3 g6
34.d5 Qb2a3
35.dxe6 Be7d6
36.Rf1e1 Bd6xe5
37.Kg2 Be5f6
38.exf7  { temps }1-0

[Event "Tournoi n27347"]
[Site "www.echecsemail.com"]
[Date "2026.01.16"]
[Round "1"]
[White "Jazzzz"]
[Black "Verson"]
[WhiteElo "1980"]
[BlackElo "1830"]
[Result "1-0"]
1.e4 e6
2.Ng1f3 d5
3.exd5 exd5
4.d4 Ng8f6
5.Bf1e2 Bf8d6
6.O-O O-O
7.Bc1g5 Bc8e6
8.c3 Nb8d7
9.Nb1d2 h6
10.Bg5h4 c6
11.c4 b6
12.b3 Qd8c7
13.h3 Rf8e8
14.Ra1c1 Bd6e7
15.cxd5 Nf6xd5
16.Be2b5 Nd7b8
17.Bh4xe7 Re8xe7
18.Nf3e5 Be6d7
19.Qd1c2 a6
20.Bb5xc6 Nb8xc6
21.Ne5xd7 Re7xd7
22.Qc2xc6 Ra8c8
23.Qc6a4 Qc7b7
24.Rc1xc8 Qb7xc8
25.Nd2f3 Rd7c7
26.Rf1e1 b5
27.Qa4a3 Rc7c6
28.Nf3e5 Rc6e6
29.Re1c1 Qc8f8
30.Qa3xf8 Kxf8
31.Rc1c8 Ke7
32.Rc8g8 g6
33.Rg8g7 Re6f6
34.Ne5g4 Kf8
35.Rg7h7 Rf6e6
36.Ng4xh6 Re6f6
37.Nh6g4 Rf6f5
38.Ng4e5 Kg8
39.Rh7h4 Kg7
40.a4 bxa4
41.bxa4 Rf5f4
42.Rh4xf4 Nd5xf4
43.Kf1 f6
44.Ne5c6 Nf4d5
45.a5 Kf7
46.Nc6b8 Nd5b4
47.Nb8d7 Ke7
48.Nd7c5 f5
49.f4 Kd6
50.Ke2 Kd5
51.Ke3 Nb4c6
52.Nc5xa6 Nc6xd4
53.Na6c7 Kc6
54.Kxd4 Kxc7
55.Ke5 { abandon }1-0

[Event "Tournoi échelle division 2"]
[Site "www.echecsemail.com"]
[Date "2026.01.16"]
[Round "1"]
[White "Patau"]
[Black "Filosofia"]
[WhiteElo "1710"]
[BlackElo "2090"]
[Result "1-0"]
1.e4 c6
2.Ng1f3 d5
3.exd5 cxd5
4.d4 Ng8f6
5.Bf1b5 Nb8c6
6.h3 Bc8f5
7.O-O e6
8.Bc1f4 Bf8d6
9.Bf4xd6 Qd8xd6
10.Nb1c3 Ra8c8
11.Nf3e5 O-O
12.g4 Bf5g6
13.Ne5xg6  { temps }1-0

[Event "Défi( 10J+24H/c 10J Max )"]
[Site "www.echecsemail.com"]
[Date "2026.01.16"]
[Round "1"]
[White "Poison"]
[Black "Minon"]
[WhiteElo "1110"]
[BlackElo "1940"]
[Result "0-1"]
1.e4 e5
2.Nb1c3 Ng8f6
3.d3 Bf8b4
4.Bc1d2 d6
5.Bd2g5 Bb4xc3
6.bxc3 h6
7.Ng1f3 hxg5
8.Nf3xg5 Nf6h5
9.Ng5f3 Bc8g4
10.Bf1e2 Bg4xf3
11.Be2xf3 Qd8g5
12.Bf3xh5 Qg5xg2
13.Rh1f1 Qg2xh2
14.Bh5g4 Qh2f4
15.d4 Qf4xe4
16.Kd2 Rh8h4
17.Bg4c8 exd4
18.cxd4 Qe4xd4
19.Ke2 Rh4e4
20.Kf3 Re4f4
21.Kg3 Nb8d7
22.Bc8xb7 Ra8b8
23.Bb7c6 Kd8
24.Ra1c1 Nd7e5
25.Bc6g2 Rf4g4
26.Kh2 Rg4h4
27.Kg1 Qd4xd1
28.Rc1xd1 Rb8b2
29.Rd1c1 Rb2xa2
30.Bg2e4 Rh4xe4
31.f3 Re4c4
32.Kg2 Ra2xc2
33.Rc1xc2 Rc4xc2
34.Kg3 a5
35.f4 Rc2c3
36.Kh4 Rc3f3
37.Rf1xf3 Ne5xf3
38.Kg4 a4
39.Kf5 a3
40.Kg4 a2
41.Kxf3 a1Q
42.f5 d5
43.Kf4 d4
44.f6 g5
45.Kxg5 d3
46.Kh6 d2
47.Kg7 d1Q
48.Kxf7 Qd1d7
49.Kf8 Qa1xf6
50.Kg8 Qd7g7
0-1

[Event "Défi( 10J+24H/c 10J Max )"]
[Site "www.echecsemail.com"]
[Date "2026.01.16"]
[Round "1"]
[White "Poison"]
[Black "Minon"]
[WhiteElo "1110"]
[BlackElo "1940"]
[Result "0-1"]
1.Ng1f3 d5
2.e3 Nb8c6
3.Bf1b5 Bc8d7
4.Bb5xc6 Bd7xc6
5.Nb1c3 e6
6.d4 Bf8b4
7.Bc1d2 Ng8f6
8.O-O Bb4xc3
9.Nf3e5 Bc3xd2
10.Qd1xd2 Nf6d7
11.Ne5xc6 bxc6
12.c3 e5
13.dxe5 Nd7xe5
14.Qd2d4 Qd8e7
15.b3 O-O
16.Qd4a4 Qe7c5
17.Qa4f4 f6
18.Qf4f5 Qc5xc3
19.Ra1b1 Qc3d3
20.Qf5e6 Kh8
21.Qe6d7 Ne5xd7
22.Rb1c1 Nd7e5
23.b4 Ne5c4
24.a4 Nc4d2
25.Rf1e1 Ra8e8
26.b5 d4
27.exd4 Re8xe1
28.Rc1xe1 Qd3xd4
29.bxc6 Nd2e4
30.Re1b1 Qd4xf2
31.Kh1 g6
32.h3 Ne4g3
33.Kh2 Rf8e8
34.Rb1b7 Re8e1
35.Rb7xc7 Re1h1
0-1

[Event "Tetraktus 103"]
[Site "www.echecsemail.com"]
[Date "2026.01.16"]
[Round "1"]
[White "Intrigue"]
[Black "Orosco"]
[WhiteElo "1760"]
[BlackElo "2200"]
[Result "0-1"]
1.d4 Ng8f6
2.Bc1g5 c5
3.Bg5xf6 gxf6
4.dxc5 Nb8a6
5.Ng1f3 Na6xc5
6.Nb1c3 d6
7.e4 Bc8d7
8.b4 Nc5a4
9.Nc3xa4 Bd7xa4
10.Bf1c4 Qd8b6
11.O-O Ra8c8
12.Bc4d3 Bf8h6
13.Nf3d2 Qb6xb4
14.Nd2b3 Rc8c3
15.a3 Qb4b6
16.Nb3d2 Rc3xd3
17.Nd2c4 Rd3xd1
18.Nc4xb6 Rd1xf1
19.Kxf1 axb6
{ abandon }0-1

[Event "CC Jan26"]
[Site "www.echecsemail.com"]
[Date "2026.01.16"]
[Round "1"]
[White "Eldiablo90"]
[Black "Alain64"]
[WhiteElo "2790"]
[BlackElo "2060"]
[Result "1-0"]
1.e4 c5
2.d4 cxd4
3.Qd1xd4 Nb8c6
4.Qd4d3 Ng8f6
5.Nb1c3 e5
6.Bc1g5 Bf8e7
7.O-O-O a6
8.h4 h6
9.Bg5xf6 gxf6
10.Ng1e2 d6
11.Nc3d5 Bc8e6
12.Ne2g3 Ra8c8
13.Kb1 Be6xd5
14.Qd3xd5 Qd8a5
15.Qd5xa5 Nc6xa5
16.Ng3f5 Rc8c6
17.Rh1h3 Kd7
18.Rh3d3 b5
19.g3 Rh8c8
20.Bf1h3 Ke8
21.Nf5xe7 Kxe7
22.Bh3xc8 Rc6xc8
23.Rd3xd6 { abandon }1-0

[Event "Tournoi n27259"]
[Site "www.echecsemail.com"]
[Date "2026.01.16"]
[Round "1"]
[White "Geantvert"]
[Black "Breton"]
[WhiteElo "1880"]
[BlackElo "1980"]
[Result "1-0"]
1.c4 c5
2.Nb1c3 Nb8c6
3.g3 Ng8f6
4.Bf1g2 e6
5.d3 Bf8e7
6.Ng1f3 O-O
7.O-O d5
8.cxd5 exd5
9.d4 c4
10.Rf1e1 Bc8e6
11.e4 Nf6xe4
12.Nc3xe4 dxe4
13.Re1xe4 Be6f5
14.Re4e1 Be7f6
15.Bc1e3 Ra8b8
16.Ra1c1 b5
17.Re1e2 Nc6e7
18.Nf3e5 Ne7g6
19.f4 Bf6e7
20.Ne5c6 Qd8c7
21.Nc6xb8 Qc7xb8
22.d5 Bf5d3
23.Re2f2 a5
24.a3 Rf8d8
25.f5 Ng6e5
26.Be3f4 Be7c5
27.Qd1e1 Rd8e8
28.Qe1d2 Qb8b6
29.Rc1f1 Bd3xf1
30.Kxf1 Ne5d3
31.Rf2e2 Re8xe2
32.Qd2xe2 Nd3xf4
33.Qe2e8 Bc5f8
34.gxf4 Qb6d4
35.Qe8e5 Qd4d3
36.Ke1 Qd3b1
37.Kf2 b4
38.axb4 axb4
39.d6 c3
40.bxc3 Qb1c2
41.Kg3 Qc2xc3
42.Bg2f3 Qc3d3
43.Qe5d5 Qd3c2
44.d7 b3
45.d8Q b2
46.Qd5d6 b1Q
47.Qd6xf8 1-0

[Event "Eq:Vikings-Pirates du Mat :"]
[Site "www.echecsemail.com"]
[Date "2026.01.16"]
[Round "1"]
[White "Philou"]
[Black "Lecavaliernoir"]
[WhiteElo "1910"]
[BlackElo "1570"]
[Result "1-0"]
1.d4 d5
2.Bc1f4 Nb8c6
3.e3 e6
4.Ng1f3 Ng8f6
5.Bf1b5 Nf6e4
6.Nf3e5 a6
7.Ne5xc6 bxc6
8.Bb5xc6 Bc8d7
9.Bc6xa8 Qd8xa8
10.O-O Qa8b7
11.Qd1c1 Bf8e7
12.c3 O-O
13.Nb1d2 f5
14.Nd2f3 h6
15.Nf3e5 Bd7b5
16.Rf1e1 g5
17.Ne5g6 Rf8e8
18.Ng6xe7 Re8xe7
19.Bf4e5 h5
20.f3 Ne4d6
21.e4 Nd6c4
22.Qc1xg5 Kf7
23.Qg5xh5 Kf8
24.Qh5h8 Kf7
25.Qh8f6 Ke8
26.Qf6h8 Kd7
27.Be5f6 Re7e8
28.Qh8g7 Kc6
29.b3 Nc4a3
30.exd5 Kxd5
31.Re1e5 Kc6
32.Qg7f7 Kb6
33.Re5xb5 Na3xb5
34.Qf7xe8 Qb7d5
35.c4 { abandon }1-0

[Event "Tournoi n27263"]
[Site "www.echecsemail.com"]
[Date "2026.01.16"]
[Round "1"]
[White "Kiki24"]
[Black "Burgman"]
[WhiteElo "1860"]
[BlackElo "2030"]
[Result "1-0"]
1.c4 e5
2.g3 Nb8c6
3.Bf1g2 f5
4.Nb1c3 Ng8f6
5.d3 d6
6.e3 Bc8d7
7.Ng1e2 Bf8e7
8.O-O O-O
9.Bc1d2 a6
10.a3 Ra8b8
11.b4 b5
12.h3 Qd8e8
13.Nc3d5 Nf6xd5
14.Bg2xd5 Kh8
15.Bd5g2 bxc4
16.dxc4 e4
17.Bd2c3 Be7f6
18.Bc3xf6 Rf8xf6
19.Ne2f4 Nc6e5
20.Nf4d5 Rf6h6
21.Nd5xc7 Qe8f7
22.Qd1d5 Qf7xd5
23.cxd5 Bd7b5
24.Nc7xb5 axb5
25.Rf1c1 Rh6f6
26.Rc1c3 Rf6f8
27.Ra1c1 Ne5d3
28.Rc1c2 Nd3e1
29.Rc2c1 Ne1xg2
30.Kxg2 Rf8d8
31.Rc3c6 g6
32.Rc6c7 Rb8a8
33.Rc1c3 Ra8a6
34.Rc7b7 Rd8a8
35.Rc3c7 Ra6xa3
36.Rc7xh7 Kg8
37.Rb7g7 Kf8
38.Rg7xg6 Ra8a4
39.Rg6xd6 Ke8
40.Rd6b6 Ra4a8
41.Rb6xb5 Kd8
42.d6 Ra3a6
43.Rb5xf5 { abandon }1-0